000 nam a22 7a 4500
999 _c330270
_d330270
003 NUST
005 20170615134028.0
008 170615b xxu||||| |||| 00| 0 eng d
022 _a00221120
040 _aDLC
_bDLC
_cRCMS
050 _a532.14 CAM
082 _a532.14 CAM
100 _aCambridge University press
_92672
245 _aJournal of Fluid Mechanics
_bCambridge University press
_c
300 _a669 p. :
_bill , ;
_c26 cm.
440 _vVol 710
_92753
500 _aContents continued on inside back cover.
538 _iShelf # 1, Row # 6, Mechanical & Aerospace.
856 _3Table of Contents Only.
942 _2ddc
_cBK
_h532.14 CAM